000 00554nam a2200181Ia 4500
003 GCL
008 140319s9999 xx 000 0 ara d
040 _aGCL /
_cGCL
082 0 4 _a343.019
_bا م
100 1 _aاحمد حسنى
245 1 0 _aملحق قضاء النقض البحرى /
_cاحمد حسنى
260 _a[S.N] :
_bمكتبه النهضه المصريه ،
_c1986
300 _a122 ص
490 _aسلسلة الكتب القانونية
_v0
650 0 4 _aالقانون
650 0 4 _aالقانون البحرى
942 _2ddc
_cBK
999 _c54231
_d54231